| 000 | 00933nam a22002657a 4500 | ||
|---|---|---|---|
| 005 | 20170504171334.0 | ||
| 010 | _aENG-108804 | ||
| 020 |
_a9789351341543 _c595.00 |
||
| 020 |
_a9351341542 _c595.00 |
||
| 035 | _aEN-92337 | ||
| 035 | _aB-534893-901 | ||
| 035 | _aB-667484 | ||
| 037 | _bDBAD/PUB | ||
| 037 |
_bBSB/Ven _adpl |
||
| 082 | _a005.7585 | ||
| 100 | _aFreeman, Robert G. | ||
| 245 |
_aOracle GoldenGate 11g handbook / _cby Robert G. Freeman |
||
| 260 |
_aNew Delhi _bMcGraw Hill Education _c2013 |
||
| 270 |
_aP-24 Green Park Extension _bNew Delhi _e110016 |
||
| 300 |
_axxi,422p. : _c25cm(pbk) _bill. |
||
| 500 | _aIncludes index | ||
| 942 |
_2ddc _cEN _mFRE _h005.7585 |
||
| 999 |
_c81169 _d81169 |
||